Normal view MARC view
  • Karamouz, Mohammad.

Entry Personal Name

Number of records used in: 13

001 - CONTROL NUMBER

  • control field: 2323

003 - CONTROL NUMBER IDENTIFIER

  • control field: NUST

005 - DATE AND TIME OF LATEST TRANSACTION

  • control field: 20170608131300.0

008 - FIXED-LENGTH DATA ELEMENTS

  • fixed length control field: 170608|| aca||aabn | a|a d

040 ## - CATALOGING SOURCE

  • Original cataloging agency: NUST
  • Transcribing agency: NUST

100 ## - HEADING--PERSONAL NAME

  • Personal name: Karamouz, Mohammad.

670 ## - SOURCE DATA FOUND

  • Source citation: Work cat.: (NUST)0: Karamouz, Mohammad., Groundwater hydrology :, 2011.
© 2023 Central Library, National University of Sciences and Technology. All Rights Reserved.